Statistiche per Paesi che contengono una lettera - K

Clicka qui per fare il quiz!

Statistiche generali

  • Questo quiz è stato fatto 48 volte
  • Il punteggio medio è 10 su 13

Statistiche sulle risposte

CategoriaPaese% Corretto
2 x KKazakistan
100%
1 x KKirghizistan
90%
1 x KUzbekistan
87%
1 x KPakistan
85%
1 x KTurkmenistan
85%
1 x KKiribati
82%
1 x KTagikistan
82%
1 x KKenya
79%
1 x KKosovo
77%
1 x KKuwait
72%
1 x KSaint Kitts e Nevis
56%
1 x KSri Lanka
46%
1 x KBurkina Faso
44%

Distribuzione punteggi

Percentile per numero di risposta

Percentuale di utenti per punteggio

I tuoi punteggi nel tempo

Non hai fatto questo quiz